000
00236nam a2200097Ia 4500
008
200302s9999 xx 000 0 und d
100
_a
Jacobo Krauel
245
_a
New Houses Compact & Prefab
260
_b
Link Publishers
300
_a
299 P.,
999
_c
2974
_d
2974